Countries Without Red - Sudden Death - Statistics

General Stats
  • This quiz has been taken 93 times
  • The average score is 8 of 16
Answers on the Grid
Answers color-coded by a green-red scale on the quiz's grid according to % correct below.
Angola
Bahamas
Bhutan
Brazil
Bulgaria
Ecuador
Finland
Greece
Grenada
Guyana
Haiti
Honduras
Iran
Israel
Laos
Luxembourg
Mali
Nauru
Nicaragua
Pakistan
Rwanda
Seychelles
Sierra Leone
Solomon Islands
Somalia
Spain
St. Vincent and the Grenadines
Sweden
Tuvalu
Ukraine
 
Answer Stats
Answer % Correct
Greece
85%
Finland
82%
Brazil
79%
Israel
75%
Sweden
64%
Ukraine
63%
Bahamas
59%
Pakistan
53%
Honduras
51%
Bhutan
40%
Somalia
40%
Nauru
33%
Sierra Leone
32%
Rwanda
27%
Solomon Islands
21%
St. Vincent and the Grenadines
15%
No matching quizzes found
Score Distribution
Percent of People with Each Score
Percentile by Number Answered
Your Score History
You have not taken this quiz